| 000 | 00819nam a2200301 a 4500 | ||
|---|---|---|---|
| 003 | AR-BaBNM | ||
| 005 | 20251128203448.0 | ||
| 008 | 082120s2002 ||||||||||||||000 | spa|| | ||
| 040 | _cAR-BaBNM | ||
| 100 | 1 | _aAragón, Louis | |
| 245 | 0 | 0 |
_aHistoria paralela de los Estados Unidos y la Unión Soviética _bla Unión Soviética 1917-1960. 2 |
| 260 |
_aBuenos Aires _bEmecé _c1965 |
||
| 300 |
_a336 p. _bil., láms. |
||
| 490 | 0 | _aSelección de obras contempóraneas | |
| 650 | 4 | _aCIENCIAS POLITICAS | |
| 650 | 4 | _aHISTORIA POLITICA | |
| 650 | 4 | _aHISTORIA SOCIAL | |
| 650 | 4 | _aHISTORIA ECONOMICA | |
| 650 | 4 | _aGUERRA | |
| 650 | 4 | _aCOMUNISMO | |
| 650 | 4 | _aECONOMIA | |
| 651 | 4 | _aPolonia | |
| 651 | 4 | _aChina | |
| 651 | 4 | _aURSS | |
| 700 | 1 |
_aBixio, Roberto _etraductor |
|
| 942 | _cBK | ||
| 998 | _cmariana | ||
| 999 |
_c3490 _d3490 |
||